Sobre el empleo público en Costa Rica

Revisión de las disposiciones legales referidas al empleo público en Costa Rica, contiene las normas constitucionales que directa o indirectamente rigen el empleo público, un análisis global de la jurisprudencia sobre el tema y sugerencias para una modificación del regimen legal del empleo público./...

Descrizione completa

Salvato in:
Dettagli Bibliografici
Autore principale: Murillo Arias, Mauro
Natura: testo
Pubblicazione: San José: OFIPLAN
Soggetti:
Tags: Aggiungi Tag
Nessun Tag, puoi essere il primo ad aggiungerne!!

MARC

LEADER 00000 a a2200000 04500
001 17772
003
040 |a CRAI/IIS  |c CRAI/IIS 
090 |a REV0935 (3)  
100 |a Murillo Arias, Mauro  
245 |a Sobre el empleo público en Costa Rica  
260 |a San José:   |b OFIPLAN  
300 |a 66 p.  
520 |a Revisión de las disposiciones legales referidas al empleo público en Costa Rica, contiene las normas constitucionales que directa o indirectamente rigen el empleo público, un análisis global de la jurisprudencia sobre el tema y sugerencias para una modificación del regimen legal del empleo público./ACM  
650 |a COSTA RICA  
650 |a SECTOR PUBLICO  
650 |a EMPLEO  
650 |a DERECHO  
999 |c 11484  |d 11484